000 00984 a2200169 4500
999 _c188861
_d188861
003 Nust
005 20170320160011.0
008 170320b xxu||||| |||| 00| 0 eng d
040 _cNust
082 _a261.208 INT
100 _aKhan, Abdul Waheed
245 _aInter-Faith Essays and Other Articles
_cAbdul Waheed Khan
260 _aKarachi
300 _a93 p.;
500 _aP.B
505 _aIslam is Under Attack (Page-5) Interfaith Dialogue (Page-9) Open Your Eyes (Page-11) Prophet Muhammad (P.B.U.H.) in Hinduism (Page-13) Buddhism (Page-16) Religion of Jesus (Page-24)The Easter Service (Page-29) Prok Eating is Dangerous to Health (Page-31) Qadiyaniat (Page-34) Holy Quran is a Mathematical Miracle (Page-41) The Curse of Usury and Interest (Page-46) The Journey of a Man (Page-53) Prayer (Page-58) Your Duty towards Your Parents (Page-61) The Holy Quran at a Glance (Page-67) Letter to Bishop (Page-78) The Crisis in His Faith (Page-83) Knowledge (Page-86) Propagation of Islam (Page-88)
538 _aAlmirah No.47 Shelf No.6
650 _aChristianity
942 _2ddc
_cBK
_k261.208 INT